000 00357nam a22001451a 4500
082 _aM3
_bKUM/M
100 _aKumaran U K
_990101
245 _aMulappaal/
_cby Kumaran U K.
260 _bU K Kumaran:
_c1981.
_a
300 _a132p.
650 _aNovel Malayalam
_990102
650 _aLiterature Malayalam
_990103
650 _aLiterature
_990104
942 _cBK
999 _c29688
_d29688